[Event "European Youth Chess Championship G18"]
[Site "Prague, Top Hotel Prague"]
[Date "2016.08.18"]
[Round "1.28"]
[White "Gitu, Paula-Alexandra"]
[Black "Weaver, Lauren"]
[Result "1-0"]
[WhiteElo "2012"]
[BlackElo "1552"]
[PlyCount "73"]
[EventDate "2016.08.18"]

1. e4 d5 2. exd5 Qxd5 3. Nc3 Qd6 4. d4 Nf6 5. Nf3 c6 6. g3 Bg4 7. Bg2 e6 8. O-O
Qc7 9. Bf4 Bd6 10. Bxd6 Qxd6 11. Qd2 Nbd7 12. Rfe1 O-O 13. Rad1 Nb6 14. Qc1
Rfd8 15. h3 Bxf3 16. Bxf3 Nbd5 17. Ne2 Qc7 18. c4 Ne7 19. b4 Rd7 20. a4 Rad8
21. g4 a5 22. b5 cxb5 23. axb5 b6 24. Qc2 Rc8 25. Rc1 Ned5 26. g5 Ne8 27. Bxd5
exd5 28. c5 Nd6 29. Qd3 Nc4 30. c6 Rdd8 31. Ng3 Qf4 32. Qf5 Qxd4 33. Re7 Nd6
34. Qf3 Qb2 35. Rce1 Qxb5 36. Nf5 f6 37. Nh6+ 1-0

[Event "European Youth Chess Championship G18"]
[Site "Prague, Top Hotel Prague"]
[Date "2016.08.18"]
[Round "1.29"]
[White "Reid, Caitlin"]
[Black "Egyed, Viktoria"]
[Result "0-1"]
[WhiteElo "1439"]
[BlackElo "2007"]
[PlyCount "70"]
[EventDate "2016.08.18"]

1. e4 c5 2. Nf3 e6 3. c3 Nc6 4. d4 cxd4 5. cxd4 Nf6 6. Bd3 Be7 7. O-O O-O 8. a3
d6 9. e5 Nd5 10. Qc2 h6 11. Nbd2 Nf4 12. Bc4 Ng6 13. Bd3 Nf4 14. Bc4 dxe5 15.
dxe5 Ng6 16. Re1 Qc7 17. Qe4 Rd8 18. Bd3 Bc5 19. Nc4 Rd5 20. Be3 Bxe3 21. Rxe3
b5 22. Ncd2 Bb7 23. Rc1 Qd7 24. Rc3 Ncxe5 25. Nxe5 Rxe5 26. Qb4 Rxe3 27. fxe3
Rd8 28. Nf3 Bxf3 29. gxf3 Ne5 30. Bxb5 Qd1+ 31. Bf1 Nxf3+ 32. Kg2 Rd2+ 33. Kg3
Qe1+ 34. Kxf3 Qxf1+ 35. Ke4 Qf5# 0-1

[Event "European Youth Chess Championship G18"]
[Site "Prague, Top Hotel Prague"]
[Date "2016.08.18"]
[Round "1.30"]
[White "Kyrkjebo, Hanna B"]
[Black "Ajanovic, Berina"]
[Result "1-0"]
[WhiteElo "1999"]
[BlackElo "1377"]
[PlyCount "47"]
[EventDate "2016.08.18"]

1. e4 c5 2. Nc3 Nc6 3. Bb5 g6 4. Bxc6 bxc6 5. d3 Bg7 6. f4 d6 7. Nf3 Nf6 8. O-O
O-O 9. Qe1 Bd7 10. Qh4 e6 11. f5 Nh5 12. Qh3 exf5 13. exf5 Bxf5 14. g4 Bd7 15.
Qg2 Nf6 16. h3 Nd5 17. Nxd5 cxd5 18. Bf4 Bc6 19. Qg3 Qb6 20. Bxd6 Rfd8 21. Bc7
Qxb2 22. Bxd8 Rxd8 23. Rab1 Qxa2 24. Qc7 1-0

[Event "European Youth Chess Championship G18"]
[Site "Prague, Top Hotel Prague"]
[Date "2016.08.19"]
[Round "2.1"]
[White "Osmak, Iulija"]
[Black "Lingur, Zalina"]
[Result "1-0"]
[WhiteElo "2344"]
[BlackElo "2060"]
[PlyCount "59"]
[EventDate "2016.08.18"]

1. e4 e5 2. Nf3 Nc6 3. Bb5 a6 4. Ba4 Nge7 5. Bb3 d5 6. Nc3 Be6 7. Ng5 Nd4 8.
Nxe6 fxe6 9. d3 Ng6 10. Qg4 c6 11. h4 Bb4 12. h5 Ne7 13. O-O O-O 14. Bh6 Rf7
15. Bg5 Qd6 16. Ne2 Nxb3 17. axb3 Bc5 18. Bh4 Raf8 19. Bg3 Qd7 20. Bxe5 dxe4
21. dxe4 Nc8 22. Nf4 Re8 23. h6 g6 24. Rad1 Qe7 25. Rd3 Bd6 26. Nxg6 hxg6 27.
Qxg6+ Kf8 28. h7 Rxh7 29. Rf3+ Qf7 30. Qxh7 1-0

[Event "European Youth Chess Championship G18"]
[Site "Prague, Top Hotel Prague"]
[Date "2016.08.19"]
[Round "2.2"]
[White "Fuskova, Martina"]
[Black "Khomeriki, Nino"]
[Result "0-1"]
[WhiteElo "2063"]
[BlackElo "2338"]
[PlyCount "88"]
[EventDate "2016.08.18"]

1. e4 e5 2. Nf3 Nc6 3. Bb5 a6 4. Ba4 Nf6 5. O-O Be7 6. Re1 b5 7. Bb3 d6 8. c3
O-O 9. h3 Bb7 10. d4 Re8 11. Nbd2 Bf8 12. a4 h6 13. Bc2 exd4 14. cxd4 Nb4 15.
Bb1 c5 16. d5 g6 17. Nf1 Bg7 18. Ng3 Nd7 19. Qb3 bxa4 20. Rxa4 a5 21. Ra1 Qc7
22. Bd2 c4 23. Qa3 Nc5 24. Bc3 Nb3 25. Bxg7 Kxg7 26. Rd1 Qc5 27. Qa4 Nxa1 28.
Qxa1 Kg8 29. Qa3 Nd3 30. Bxd3 Qxa3 31. bxa3 cxd3 32. Rxd3 Ba6 33. Rb3 Rab8 34.
Rxb8 Rxb8 35. Nd4 Rb1+ 36. Kh2 Kf8 37. f4 Bc4 38. Nc6 a4 39. h4 h5 40. Nd4 Ra1
41. Nc2 Ra2 42. Ne3 Bb5 43. e5 Rxa3 44. Nc2 Rd3 0-1

[Event "European Youth Chess Championship G18"]
[Site "Prague, Top Hotel Prague"]
[Date "2016.08.19"]
[Round "2.3"]
[White "Janska, Jitka"]
[Black "Unuk, Laura"]
[Result "0-1"]
[WhiteElo "2052"]
[BlackElo "2240"]
[PlyCount "64"]
[EventDate "2016.08.18"]

1. e4 e5 2. Nf3 Nc6 3. Bc4 Nf6 4. d3 Be7 5. O-O O-O 6. Re1 d6 7. c3 Na5 8. Bb5
a6 9. Ba4 b5 10. Bc2 c5 11. Nbd2 Nc6 12. Nf1 Re8 13. Ng3 h6 14. d4 exd4 15.
cxd4 Bg4 16. Be3 Nd7 17. e5 dxe5 18. dxc5 Nxc5 19. Bxc5 Bxc5 20. Be4 Qb6 21.
Qc2 Bxf3 22. Bxf3 Nd4 23. Qe4 Rad8 24. Rac1 f5 25. Qb7 Qd6 26. Red1 Re7 27.
Nxf5 Rxb7 28. Nxd6 Nxf3+ 29. gxf3 Rxd6 30. Rxd6 Bxd6 31. Rc6 Rd7 32. Rxa6 Bc5
0-1

[Event "European Youth Chess Championship G18"]
[Site "Prague, Top Hotel Prague"]
[Date "2016.08.19"]
[Round "2.4"]
[White "Kubicka, Anna"]
[Black "Auvray, Honorine"]
[Result "1-0"]
[WhiteElo "2209"]
[BlackElo "2042"]
[PlyCount "81"]
[EventDate "2016.08.18"]

1. e4 g6 2. d4 Bg7 3. f4 d5 4. e5 Nh6 5. Nf3 f6 6. Be3 O-O 7. h3 c5 8. c3 Nc6
9. Be2 Nf5 10. Bf2 fxe5 11. dxe5 b6 12. Nbd2 e6 13. Qc2 Bb7 14. Ng5 Qd7 15. h4
Bh6 16. Nh3 Ng7 17. g3 Rad8 18. Rd1 Ne7 19. Ne4 dxe4 20. Rxd7 Rxd7 21. Bb5 Rc7
22. O-O a6 23. Be2 Nd5 24. c4 Ne7 25. Qb3 Nc8 26. Rd1 Bc6 27. a4 a5 28. Bf1 Nf5
29. Bg2 Kh8 30. Kh2 Kg8 31. g4 e3 32. gxf5 exf2 33. Bxc6 Rxc6 34. f6 Rc7 35.
Kg2 Rb7 36. Qb5 Na7 37. Qa6 Rff7 38. Rd8+ Bf8 39. Ng5 Rfd7 40. Rxd7 Rxd7 41.
Qxb6 1-0

[Event "European Youth Chess Championship G18"]
[Site "Prague, Top Hotel Prague"]
[Date "2016.08.19"]
[Round "2.5"]
[White "Shivacheva, Donika"]
[Black "Narva, Mai"]
[Result "1/2-1/2"]
[WhiteElo "2035"]
[BlackElo "2202"]
[PlyCount "146"]
[EventDate "2016.08.18"]

1. e4 c5 2. Nc3 Nc6 3. f4 e6 4. Nf3 a6 5. g3 d5 6. d3 g6 7. Bg2 Bg7 8. O-O Nge7
9. a3 O-O 10. Qe1 b5 11. Rb1 Qb6 12. Kh1 a5 13. Bd2 Bd7 14. Qf2 a4 15. Ne2 Qa7
16. e5 f6 17. exf6 Bxf6 18. c3 d4 19. Qg1 Rad8 20. Be1 Bc8 21. Bf2 e5 22. fxe5
Nxe5 23. Nxe5 Bxe5 24. Rfe1 Bf6 25. Nf4 Qb6 26. Rbc1 Bg5 27. cxd4 cxd4 28. Rxc8
Rxc8 29. Ne6 Bd2 30. Nxf8 Bxe1 31. Qxe1 Kxf8 32. Qe5 Rc1+ 33. Bg1 Qc5 34. Qh8+
Ng8 35. h4 Re1 36. Be4 Qd6 37. Kh2 Re2+ 38. Kh3 Qe6+ 39. g4 h5 40. Bf3 hxg4+
41. Bxg4 Re3+ 42. Bxe3 Qxe3+ 43. Kg2 Qd2+ 44. Kg1 Qxd3 45. Qe5 Qb1+ 46. Kf2
Qxb2+ 47. Be2 Ne7 48. Qxb5 Qxa3 49. Qb8+ Kf7 50. Bc4+ Kf6 51. Qb6+ Ke5 52. Qb5+
Kd6 53. Qb8+ Kc6 54. Qb5+ Kc7 55. Qe5+ Qd6 56. Qa5+ Qb6 57. Qxa4 d3+ 58. Kg2 d2
59. Be2 Nf5 60. Qc2+ Qc6+ 61. Qxc6+ Kxc6 62. h5 g5 63. Kf2 Kd5 64. h6 Nxh6 65.
Ke3 Nf5+ 66. Kxd2 Ke4 67. Bh5 Kf4 68. Ke1 Ke3 69. Bg4 Ng3 70. Bh3 Kf3 71. Bc8
Kf4 72. Bh3 Nf5 73. Kf2 g4 1/2-1/2

[Event "European Youth Chess Championship G18"]
[Site "Prague, Top Hotel Prague"]
[Date "2016.08.19"]
[Round "2.6"]
[White "Kanakova, Natalie"]
[Black "Kassay, Lilla"]
[Result "1-0"]
[WhiteElo "2179"]
[BlackElo "2034"]
[PlyCount "67"]
[EventDate "2016.08.18"]

1. e4 c5 2. Nf3 d6 3. d4 cxd4 4. Nxd4 Nf6 5. Nc3 a6 6. Be3 e5 7. Nb3 Be6 8. f4
Qc7 9. f5 Bc4 10. g4 h6 11. Qf3 b5 12. O-O-O Nbd7 13. Kb1 Rc8 14. Bxc4 Qxc4 15.
a3 d5 16. Nd2 dxe4 17. Qg2 Qc6 18. Ndxe4 Be7 19. h4 Nxe4 20. Nxe4 Nf6 21. Nxf6+
Bxf6 22. Qf2 a5 23. Rh2 Be7 24. g5 hxg5 25. Bxg5 Bxg5 26. hxg5 Rg8 27. Qe2 f6
28. gxf6 gxf6 29. Rh7 Qc4 30. Qh5+ Kf8 31. c3 Qe4+ 32. Ka1 Qc4 33. Qh6+ Ke8 34.
Qxf6 1-0

[Event "European Youth Chess Championship G18"]
[Site "Prague, Top Hotel Prague"]
[Date "2016.08.19"]
[Round "2.7"]
[White "Diakonova, Ekaterina"]
[Black "Malatsilava, Volha"]
[Result "1/2-1/2"]
[WhiteElo "2172"]
[BlackElo "2034"]
[PlyCount "111"]
[EventDate "2016.08.18"]

1. e4 c5 2. Nf3 e6 3. d4 cxd4 4. Nxd4 Nc6 5. Nc3 Qc7 6. g3 a6 7. Bg2 Nf6 8. O-O
Be7 9. Re1 Nxd4 10. Qxd4 d6 11. a4 O-O 12. h3 Bd7 13. a5 Rac8 14. Be3 Bc6 15.
Qd2 Nd7 16. f4 Bf6 17. Bd4 Rfd8 18. Red1 Bxd4+ 19. Qxd4 Nf6 20. Qe3 h6 21. Ne2
Be8 22. c3 e5 23. b3 Bc6 24. c4 exf4 25. gxf4 Nxe4 26. Bxe4 Re8 27. Ng3 f5 28.
Rd4 fxe4 29. Nxe4 Re6 30. f5 Re5 31. Qf4 Bxe4 32. Rxe4 Qc5+ 33. Kh2 Rxf5 34.
Qe3 Qxe3 35. Rxe3 Rc7 36. Rd1 Rxa5 37. Rxd6 Ra2+ 38. Kg3 b5 39. cxb5 axb5 40.
Rd5 b4 41. Rd4 Rc3 42. Rxc3 bxc3 43. Rc4 c2 44. b4 Rb2 45. b5 h5 46. Rc5 Rb3+
47. Kh2 Rb2 48. Kg3 Kf7 49. b6 g5 50. b7 Rxb7 51. Rxc2 Rb3+ 52. Kg2 Re3 53. Rc5
Kf6 54. h4 gxh4 55. Rxh5 h3+ 56. Rxh3 1/2-1/2

[Event "European Youth Chess Championship G18"]
[Site "Prague, Top Hotel Prague"]
[Date "2016.08.19"]
[Round "2.8"]
[White "Dmochowska, Agnieszka"]
[Black "Vidic, Teja"]
[Result "0-1"]
[WhiteElo "2034"]
[BlackElo "2149"]
[PlyCount "112"]
[EventDate "2016.08.18"]

1. e4 c5 2. Nf3 Nc6 3. d4 cxd4 4. Nxd4 Nf6 5. Nc3 d6 6. Bg5 e6 7. Qd2 a6 8.
O-O-O Bd7 9. f4 b5 10. Bxf6 gxf6 11. Nxc6 Bxc6 12. f5 Qb6 13. fxe6 fxe6 14. Qf4
Be7 15. Kb1 Qc5 16. Bd3 Qe5 17. Qf2 Rg8 18. Rhe1 Qc5 19. Qh4 Qg5 20. Qxh7 Rg7
21. Qh3 Kf7 22. g3 Qg4 23. Qf1 Rh8 24. Qf2 Qg5 25. Qe2 Qe5 26. Qg2 Bd8 27. Qf2
Qc5 28. Rf1 Qxf2 29. Rxf2 Bb6 30. Rg2 Ke7 31. a3 Bb7 32. Rgd2 Be3 33. Rg2 Bd4
34. Ne2 Be5 35. Rf2 Rgh7 36. h4 Rg7 37. Rg1 Bc6 38. c3 Rg4 39. Rh1 Bxe4 40.
Bxe4 Rxe4 41. Nf4 Bxf4 42. gxf4 Rh5 43. Kc2 e5 44. Rhf1 Rxh4 45. fxe5 fxe5 46.
Rf7+ Ke6 47. R1f6+ Kd5 48. Rd7 Rh2+ 49. Kd3 Rh3+ 50. Kd2 Rh2+ 51. Kd3 Rh3+ 52.
Kd2 Kc4 53. Rc7+ Kb3 54. Rxd6 Rg4 55. Rf7 Rg2+ 56. Ke1 Rxb2 0-1

[Event "European Youth Chess Championship G18"]
[Site "Prague, Top Hotel Prague"]
[Date "2016.08.19"]
[Round "2.9"]
[White "Salimova, Nurgyul"]
[Black "Gitu, Paula-Alexandra"]
[Result "1/2-1/2"]
[WhiteElo "2147"]
[BlackElo "2012"]
[PlyCount "108"]
[EventDate "2016.08.18"]

1. d4 d6 2. Nf3 Bg4 3. e3 Nf6 4. Be2 Nbd7 5. O-O c6 6. b3 g6 7. Bb2 Bg7 8. h3
Bxf3 9. Bxf3 O-O 10. c4 Qc7 11. Nc3 Rfe8 12. Qc2 Rad8 13. Rfd1 Nb6 14. a4 a5
15. Ne2 Nbd7 16. Bc3 e5 17. g3 e4 18. Bg2 d5 19. cxd5 cxd5 20. Qd2 b6 21. Rdc1
Qb7 22. Bb2 Rc8 23. Nc3 Bf8 24. Nb5 Nb8 25. Ba3 Bxa3 26. Nxa3 Rxc1+ 27. Rxc1
Rc8 28. Nb5 Rxc1+ 29. Qxc1 Qc6 30. Qxc6 Nxc6 31. Nd6 Na7 32. Bf1 Kf8 33. Nb5
Nxb5 34. Bxb5 Ke7 35. Bc6 Kd6 36. Bb5 Nd7 37. Kf1 Nf8 38. Ke2 Ne6 39. Kd2 f6
40. Kc3 Ng5 41. Bf1 Ne6 42. Kd2 f5 43. h4 Ke7 44. Bb5 Nc7 45. Be2 Kf6 46. Ke1
h6 47. Kf1 g5 48. hxg5+ hxg5 49. Kg2 f4 50. gxf4 gxf4 51. Kh3 Kg5 52. Bb5 Nxb5
53. axb5 fxe3 54. fxe3 Kh5 1/2-1/2

[Event "European Youth Chess Championship G18"]
[Site "Prague, Top Hotel Prague"]
[Date "2016.08.19"]
[Round "2.10"]
[White "Drogovoz, Irina"]
[Black "Kyrkjebo, Hanna B"]
[Result "1/2-1/2"]
[WhiteElo "2126"]
[BlackElo "1999"]
[PlyCount "83"]
[EventDate "2016.08.18"]

1. d4 d5 2. c4 c6 3. Nc3 Nf6 4. Nf3 e6 5. g3 dxc4 6. Bg2 Nbd7 7. a4 Be7 8. O-O
O-O 9. e4 e5 10. dxe5 Ng4 11. e6 fxe6 12. Bf4 e5 13. Bd2 Nc5 14. Qe2 Nd3 15. h3
Nf6 16. Be3 Be6 17. Ng5 Bd7 18. b3 h6 19. bxc4 Nc5 20. Nf3 Qc7 21. Nh4 Be6 22.
Ng6 Rfe8 23. f4 exf4 24. gxf4 Bf7 25. Nxe7+ Qxe7 26. e5 Nfd7 27. Rac1 Nb6 28.
Ne4 Nxe4 29. Bxe4 Qh4 30. a5 Nd7 31. Bg2 Bh5 32. Qd2 Red8 33. Bf2 Qe7 34. Qe3
a6 35. Rb1 Nf8 36. Qb6 Bg6 37. Rb3 Bf5 38. Qe3 Ne6 39. Qc1 Nc5 40. Rg3 Nd3 41.
Qc2 Rf8 42. Bb6 1/2-1/2

[Event "European Youth Chess Championship G18"]
[Site "Prague, Top Hotel Prague"]
[Date "2016.08.19"]
[Round "2.11"]
[White "Miljkovic, Jovana"]
[Black "Paolillo, Gaia"]
[Result "0-1"]
[WhiteElo "2024"]
[BlackElo "2109"]
[PlyCount "108"]
[EventDate "2016.08.18"]

1. d4 Nf6 2. c4 c5 3. d5 b5 4. cxb5 a6 5. bxa6 g6 6. Nc3 Bg7 7. e4 O-O 8. Nf3
Qa5 9. Bd2 Bxa6 10. Bxa6 Qxa6 11. Qe2 Qxe2+ 12. Kxe2 d6 13. Rab1 Na6 14. b3
Rfb8 15. Ne1 e6 16. dxe6 fxe6 17. f3 Nd7 18. Nc2 Nb4 19. Nxb4 cxb4 20. Na4 Nc5
21. Rhc1 Nxa4 22. bxa4 Rxa4 23. Rc2 d5 24. Rbc1 h5 25. exd5 exd5 26. Rb1 Bf8
27. Rcb2 Kf7 28. g4 Bd6 29. gxh5 gxh5 30. h3 Rg8 31. Kf1 Bc5 32. Be1 Ra3 33. f4
Rg1+ 34. Ke2 Rxh3 35. Bxb4 Rg2+ 36. Kd1 Rh1+ 37. Be1 Rgg1 38. Re2 h4 39. Kc2 h3
40. Rb7+ Kg6 41. Bd2 Ra1 42. Re6+ Kf5 43. Re5+ Kg4 44. Rxd5 h2 45. Rg7+ Kf3 46.
Rxc5 Rxa2+ 47. Kc3 Rc1+ 48. Bxc1 h1=Q 49. Kb3 Ra8 50. Rc3+ Ke2 51. Rc2+ Kf1 52.
Rd7 Qh3+ 53. Rc3 Qxd7 54. Rf3+ Kg2 0-1

[Event "European Youth Chess Championship G18"]
[Site "Prague, Top Hotel Prague"]
[Date "2016.08.19"]
[Round "2.12"]
[White "Keetman, Maaike"]
[Black "Boehm, Jana"]
[Result "1-0"]
[WhiteElo "2101"]
[BlackElo "1954"]
[PlyCount "101"]
[EventDate "2016.08.18"]

1. e4 c5 2. Nc3 a6 3. Nf3 d6 4. d4 cxd4 5. Nxd4 Nf6 6. Be3 e5 7. Nb3 Be6 8. f3
h5 9. Qd2 Nbd7 10. Nd5 Nxd5 11. exd5 Bf5 12. Bd3 Bxd3 13. Qxd3 Be7 14. O-O O-O
15. c4 b6 16. Nd2 Bg5 17. Ne4 Bxe3+ 18. Qxe3 Nc5 19. b4 Nxe4 20. fxe4 Qc7 21.
Rac1 Rac8 22. Qg5 a5 23. Qxh5 axb4 24. Rf3 b5 25. Rcf1 Qc5+ 26. R1f2 Qxc4 27.
Rh3 Qc1+ 28. Rf1 Qh6 29. Qxh6 gxh6 30. Rxh6 Rc2 31. Rf3 Kg7 32. Rxd6 Ra8 33.
Rd7 Rc1+ 34. Kf2 Rxa2+ 35. Kg3 b3 36. Rxb3 Rcc2 37. Kg4 Rxg2+ 38. Kf5 Rxh2 39.
Kxe5 Rh5+ 40. Kd6 Ra6+ 41. Kc5 Re5 42. Kxb5 Rg6 43. Rf3 Rf6 44. Re3 Rf4 45. Kc6
Rexe4 46. Rxe4 Rxe4 47. Ra7 Kf8 48. Ra8+ Kg7 49. d6 Rc4+ 50. Kd5 Rc1 51. d7 1-0

[Event "European Youth Chess Championship G18"]
[Site "Prague, Top Hotel Prague"]
[Date "2016.08.19"]
[Round "2.13"]
[White "Egyed, Viktoria"]
[Black "Trippold, Denise"]
[Result "1/2-1/2"]
[WhiteElo "2007"]
[BlackElo "2066"]
[PlyCount "96"]
[EventDate "2016.08.18"]

1. e4 c5 2. c3 Nf6 3. e5 Nd5 4. d4 cxd4 5. Nf3 e6 6. cxd4 d6 7. Bc4 Be7 8. O-O
O-O 9. Nc3 Nxc3 10. bxc3 b6 11. Re1 Ba6 12. Bd3 Bxd3 13. Qxd3 Nd7 14. Bf4 dxe5
15. Nxe5 Nxe5 16. Bxe5 Bd6 17. Qg3 Bxe5 18. Rxe5 Qc7 19. Rg5 Qxg3 20. Rxg3 Rac8
21. Kf1 Rc4 22. Ke2 Rfc8 23. Kd2 Rd8 24. Rd3 Rd5 25. Kc2 Rg5 26. g3 Rh5 27. h4
Rf5 28. Rf1 h5 29. Kb3 b5 30. f3 f6 31. Re1 Kf7 32. Rde3 Rc6 33. Kb4 Rc4+ 34.
Kb3 Rc6 35. Kb4 Ra6 36. R1e2 Rc6 37. Re1 Rd5 38. g4 Rc4+ 39. Kb3 Rc6 40. Rg1
Rb6 41. Re4 Rc6 42. gxh5 Rxh5 43. Reg4 Rh7 44. f4 Kf8 45. R1g3 a6 46. Kb4 Rc4+
47. Kb3 Rc6 48. Kb4 Rc4+ 1/2-1/2

[Event "European Youth Chess Championship G18"]
[Site "Prague, Top Hotel Prague"]
[Date "2016.08.19"]
[Round "2.14"]
[White "Pychova, Nela"]
[Black "Georgescu, Lena"]
[Result "1/2-1/2"]
[WhiteElo "2072"]
[BlackElo "2174"]
[PlyCount "88"]
[EventDate "2016.08.18"]

1. c4 f5 2. Nf3 Nf6 3. Nc3 g6 4. g3 Bg7 5. Bg2 O-O 6. O-O d6 7. d3 e5 8. Rb1
Nc6 9. b4 h6 10. b5 Ne7 11. Nd2 g5 12. Qb3 Kh8 13. a4 Rb8 14. a5 Be6 15. Ba3
Qd7 16. Qc2 b6 17. axb6 axb6 18. Bb2 f4 19. Ra1 Bh3 20. Ra7 Bxg2 21. Kxg2 Nf5
22. Nce4 Ng4 23. Kg1 fxg3 24. hxg3 Nfe3 25. fxe3 Nxe3 26. Qc1 Qh3 27. Rf2 Rxf2
28. Kxf2 Ng4+ 29. Ke1 Qh1+ 30. Nf1 Rf8 31. Kd2 Rxf1 32. Qc2 Qg1 33. Rxc7 Ne3
34. Qa4 Rd1+ 35. Kc3 Rc1+ 36. Bxc1 Qxc1+ 37. Kb3 Qd1+ 38. Ka3 Qa1+ 39. Kb3 Qb1+
40. Kc3 Qc1+ 41. Kb3 Qd1+ 42. Ka3 Qa1+ 43. Kb3 Qb1+ 44. Kc3 Qc1+ 1/2-1/2

[Event "European Youth Chess Championship G18"]
[Site "Prague, Top Hotel Prague"]
[Date "2016.08.19"]
[Round "2.15"]
[White "Dai, Irmak"]
[Black "Vangsgaard, Freja"]
[Result "1-0"]
[WhiteElo "1806"]
[BlackElo "2129"]
[PlyCount "93"]
[EventDate "2016.08.18"]

1. e4 c6 2. d4 d5 3. Nc3 dxe4 4. Nxe4 Bf5 5. Ng3 Bg6 6. h4 h6 7. Nf3 Nd7 8. h5
Bh7 9. Bd3 Bxd3 10. Qxd3 e6 11. Bd2 Ngf6 12. O-O-O Be7 13. Ne4 Nxe4 14. Qxe4
Nf6 15. Qe2 O-O 16. c3 Qd5 17. c4 Qe4 18. Qxe4 Nxe4 19. Be3 c5 20. dxc5 Bxc5
21. Bxc5 Nxc5 22. Rd4 f6 23. Nh4 a5 24. g4 Rac8 25. Ng6 Rfe8 26. b3 Kf7 27.
Rhd1 Rb8 28. Kc2 b5 29. cxb5 Rxb5 30. Rc4 Rc8 31. Kb1 Ke8 32. Rdc1 Rc7 33. a4
Rxb3+ 34. Ka2 Rb4 35. Rxc5 Rxa4+ 36. Kb3 Rb4+ 37. Ka3 Rxc5 38. Rxc5 Rxg4 39.
Rxa5 Rg2 40. f4 Rh2 41. Kb4 f5 42. Ra7 Rxh5 43. Kc5 Rh1 44. Kd6 Rb1 45. Ra8+
Kf7 46. Ne5+ Kf6 47. Rf8# 1-0

[Event "European Youth Chess Championship G18"]
[Site "Prague, Top Hotel Prague"]
[Date "2016.08.19"]
[Round "2.16"]
[White "Asatryan, Sona"]
[Black "Buiza, Prieto Eihartze"]
[Result "1-0"]
[WhiteElo "1857"]
[BlackElo "2085"]
[PlyCount "63"]
[EventDate "2016.08.18"]

1. e4 c5 2. Nf3 d6 3. d4 cxd4 4. Nxd4 Nf6 5. Nc3 Nc6 6. Bg5 e6 7. Qd2 Be7 8.
O-O-O a6 9. f4 Bd7 10. Qe1 Qc7 11. Nf3 b5 12. e5 dxe5 13. fxe5 Ng8 14. Qd2 Rd8
15. Ne4 h6 16. Nd6+ Kf8 17. Bxe7+ Ngxe7 18. Qf4 Be8 19. Be2 Ng6 20. Qg3 Ngxe5
21. Nxe5 Nb4 22. Ndc4 Rxd1+ 23. Rxd1 Kg8 24. Na3 Nxa2+ 25. Kb1 b4 26. Nac4 Ba4
27. Kxa2 Bxc2 28. Rd7 b3+ 29. Ka1 Qc5 30. Qe3 Qxc4 31. Qd2 Qc5 32. Rd8+ 1-0

[Event "European Youth Chess Championship G18"]
[Site "Prague, Top Hotel Prague"]
[Date "2016.08.19"]
[Round "2.17"]
[White "Saumanaite, Skaiste"]
[Black "Silva, Mariana Sofia T"]
[Result "1-0"]
[WhiteElo "1905"]
[BlackElo "1757"]
[PlyCount "62"]
[EventDate "2016.08.18"]

1. d4 Nf6 2. c4 g6 3. Nc3 Bg7 4. e4 d6 5. Nf3 O-O 6. Be2 e5 7. O-O Nc6 8. d5
Ne7 9. b4 a5 10. Ba3 axb4 11. Bxb4 b6 12. a4 Ne8 13. Nd2 f5 14. f3 f4 15. Nb3
g5 16. a5 bxa5 17. Bxa5 Ng6 18. Nb5 Qe7 19. Qc2 h5 20. c5 g4 21. Bxc7 Rxa1 22.
Rxa1 Qh4 23. Bxd6 g3 24. h3 Bxh3 25. gxh3 g2 26. Bc4 Nxd6 27. Nxd6 Qxh3 28.
Qxg2 Qg3 29. Nf5 Rxf5 30. Qxg3 fxg3 31. exf5 Nh4 1-0

[Event "European Youth Chess Championship G18"]
[Site "Prague, Top Hotel Prague"]
[Date "2016.08.19"]
[Round "2.18"]
[White "Rodionova, Daria"]
[Black "Sarnovska, Eira"]
[Result "0-1"]
[WhiteElo "2279"]
[BlackElo "1719"]
[PlyCount "90"]
[EventDate "2016.08.18"]

1. e4 e6 2. d4 d5 3. e5 c5 4. c3 Nc6 5. Nf3 Bd7 6. Be2 cxd4 7. cxd4 Qb6 8. O-O
Nge7 9. Nc3 Nf5 10. Na4 Qc7 11. a3 Be7 12. b4 Nfxd4 13. Nxd4 Nxd4 14. Qxd4 Bxa4
15. Bb2 Qd7 16. Rac1 Bb5 17. Bxb5 Qxb5 18. Rc3 O-O 19. Rh3 Rfc8 20. Rc1 Rc4 21.
Rxc4 Qxc4 22. Qd1 Qa2 23. Qc1 Bg5 24. Qc2 h6 25. Rf3 a5 26. bxa5 Rxa5 27. Qc8+
Kh7 28. Qc2+ Kg8 29. h4 Bxh4 30. Qc8+ Kh7 31. Qxb7 Qb1+ 32. Kh2 Qg6 33. Rxf7
Rc5 34. a4 Rc4 35. Ba3 Rg4 36. g3 Bxg3+ 37. fxg3 Rxg3 38. Bc5 Rg5 39. Rxg7+
Qxg7 40. Qxg7+ Kxg7 41. a5 Rg4 42. a6 Ra4 43. a7 Kg6 44. Kg3 Kf5 45. Bd4 Ke4
0-1

[Event "European Youth Chess Championship G18"]
[Site "Prague, Top Hotel Prague"]
[Date "2016.08.19"]
[Round "2.20"]
[White "Arvai, Eszter"]
[Black "Sit, Victoria"]
[Result "1-0"]
[WhiteElo "1955"]
[BlackElo "1697"]
[PlyCount "73"]
[EventDate "2016.08.18"]

1. e4 c5 2. Nf3 Nc6 3. d4 cxd4 4. Nxd4 Qc7 5. Nc3 e6 6. Be3 a6 7. a3 Nf6 8. Bd3
Be7 9. O-O b5 10. Kh1 O-O 11. f4 d6 12. Qf3 Bb7 13. Qh3 Nd7 14. Nxc6 Bxc6 15.
Bd4 e5 16. fxe5 dxe5 17. Be3 Nc5 18. Rad1 Rad8 19. Qg3 Kh8 20. Rf5 Nxd3 21.
cxd3 Bd6 22. Rh5 g6 23. Rh6 b4 24. axb4 Bxb4 25. Qh4 f6 26. Rxg6 Bxc3 27. bxc3
Bxe4 28. Rxf6 Bxg2+ 29. Kg1 Bf3 30. Rxf8+ Rxf8 31. Rc1 Rg8+ 32. Kf2 Qf7 33. Ke1
Qg6 34. Qe7 Qf5 35. Rc2 Bg2 36. Rf2 Qh3 37. Qxe5+ 1-0

[Event "European Youth Chess Championship G18"]
[Site "Prague, Top Hotel Prague"]
[Date "2016.08.19"]
[Round "2.21"]
[White "Cusmuliuc, Diana-Elena"]
[Black "Yolal, Sena Gokcen"]
[Result "1-0"]
[WhiteElo "1945"]
[BlackElo "1646"]
[PlyCount "43"]
[EventDate "2016.08.18"]

1. f4 c5 2. Nf3 e6 3. e3 d5 4. Bb5+ Bd7 5. Bxd7+ Qxd7 6. O-O Nc6 7. b3 Be7 8.
Bb2 Bf6 9. Ne5 Qc7 10. d4 h5 11. Nd2 Nge7 12. Ndf3 Nf5 13. Qe2 Qb6 14. c3 Nxe5
15. Nxe5 g5 16. Ba3 Be7 17. fxg5 Bxg5 18. Bxc5 Qc7 19. Qb5+ Kd8 20. Rxf5 exf5
21. Bd6 Bxe3+ 22. Kf1 1-0

[Event "European Youth Chess Championship G18"]
[Site "Prague, Top Hotel Prague"]
[Date "2016.08.19"]
[Round "2.22"]
[White "Gur, Tuba"]
[Black "Roklicer, Heike"]
[Result "1/2-1/2"]
[WhiteElo "1717"]
[BlackElo "1936"]
[PlyCount "47"]
[EventDate "2016.08.18"]

1. d4 d5 2. c4 c6 3. Nc3 Nf6 4. e3 a6 5. Nf3 b5 6. c5 g6 7. Bd2 Bg7 8. Be2 Nbd7
9. b4 Qc7 10. a4 Bb7 11. axb5 axb5 12. Rxa8+ Bxa8 13. Qa1 O-O 14. O-O e5 15.
dxe5 Nxe5 16. h3 Ne4 17. Qc1 Nxd2 18. Qxd2 Bb7 19. Nd4 Ra8 20. Nb3 Ra3 21. Qb2
Ra7 22. Na5 Ba8 23. Qd2 Nd7 24. Bd3 1/2-1/2

[Event "European Youth Chess Championship G18"]
[Site "Prague, Top Hotel Prague"]
[Date "2016.08.19"]
[Round "2.23"]
[White "Olechnicka, Karolina"]
[Black "Temmerman, Sara"]
[Result "1-0"]
[WhiteElo "1913"]
[BlackElo "1631"]
[PlyCount "51"]
[EventDate "2016.08.18"]

1. e4 d6 2. d4 Nf6 3. Nc3 c6 4. f4 Qa5 5. Bd3 e5 6. Nf3 Bg4 7. dxe5 dxe5 8.
fxe5 Nfd7 9. Bf4 Bb4 10. Qd2 Bxf3 11. gxf3 Nxe5 12. O-O-O Bxc3 13. Qxc3 Qxc3
14. bxc3 Nxf3 15. Be2 Nh4 16. Bg5 Nd7 17. Bxh4 Nc5 18. Bg4 f6 19. Bh5+ g6 20.
Bxf6 Rf8 21. Bd4 Nxe4 22. Rhe1 Rf4 23. Bf3 Rxf3 24. Rxe4+ Kf7 25. Rde1 b6 26.
Re7+ 1-0

[Event "European Youth Chess Championship G18"]
[Site "Prague, Top Hotel Prague"]
[Date "2016.08.19"]
[Round "2.24"]
[White "Naghiyeva, Khayala"]
[Black "Poliakova, Emma"]
[Result "1-0"]
[WhiteElo "1663"]
[BlackElo "1912"]
[PlyCount "73"]
[EventDate "2016.08.18"]

1. d4 d5 2. c4 c6 3. e3 Nf6 4. Nc3 e6 5. Nf3 Nbd7 6. Bd3 Bd6 7. O-O O-O 8. Rb1
Re8 9. Qc2 Qe7 10. e4 dxc4 11. Bxc4 Bc7 12. d5 cxd5 13. exd5 Nb6 14. Bb5 Rd8
15. dxe6 Bxe6 16. Bg5 Rac8 17. Qe2 a6 18. Bd3 Re8 19. Rbd1 Nbd7 20. Rfe1 Qb4
21. a3 Qa5 22. Ne4 Nd5 23. Nd4 N7b6 24. Nxe6 Rxe6 25. Qh5 Rce8 26. Bd2 Qa4 27.
Ng5 Rxe1+ 28. Rxe1 Rxe1+ 29. Bxe1 Qf4 30. Bxh7+ Kf8 31. g3 Qf6 32. Be4 Ke8 33.
Nxf7 Ke7 34. Bxd5 Nxd5 35. Qxd5 Qxf7 36. Qxb7 Qc4 37. Ba5 1-0